Propuesta de reordenamiento en las laderas urbanas de la Reserva Natural Laguna de Nejapa con criterio de sustentabilidad
Presenta la evaluación de los problemas que afectan el medio construido y que influyen en la calidad de vida de los habitantes de las laderas urbanas de la Reserva Natural de la laguna de Nejapa en el municipio de Managua, a partir de la aplicación de un instrumental de evaluación atendiendo a to...
| Main Authors: | , , |
|---|---|
| Other Authors: | |
| Format: | Tesis Section = Libro |
| Language: | Undetermined Spanish |
| Published: |
Managua
UNI
2010
|
| Subjects: |
| LEADER | 01462nam a2200265Ia 4500 | ||
|---|---|---|---|
| 008 | 240830s9999 xx 000 0 und d | ||
| 040 | |a BIBLIOTECA-RUSB/ T.Mon 711 C198 | ||
| 041 | |a spa | ||
| 082 | |a T.Mon 711 C198 | ||
| 100 | 1 | |a Campos Sánchez, Gloria Silvia | |
| 100 | 1 | |b Romero Palacio, Amalia Valeria | |
| 100 | 1 | |c Altamirano Díaz, Juan Carlos | |
| 245 | 1 | 0 | |a Propuesta de reordenamiento en las laderas urbanas de la Reserva Natural Laguna de Nejapa con criterio de sustentabilidad |
| 260 | |a Managua |b UNI |c 2010 | ||
| 300 | |a 79 p. :il. | ||
| 500 | |a Contiene: anexos. | ||
| 502 | |a Tesis (Arquitecto) - UNI, 2010. | ||
| 520 | 3 | |a Presenta la evaluación de los problemas que afectan el medio construido y que influyen en la calidad de vida de los habitantes de las laderas urbanas de la Reserva Natural de la laguna de Nejapa en el municipio de Managua, a partir de la aplicación de un instrumental de evaluación atendiendo a todos los factores que intervienen en su comportamiento, determinando la problemática y elaborando posibles propuestas de solución que posibiliten un reordenamiento del mismo con criterios de sustentabilidad. | |
| 650 | 7 | |a URBANISMO - PLANIFICACIÓN DEL ESPACIO - RESERVA NATURAL NEJAPA CALIDAD DE VIDA - POBLACIÓN - VIVIENDAS | |
| 650 | 7 | |b DESARROLLO URBANO | |
| 650 | 7 | |c DESARROLLO DE LA COMUNIDAD | |
| 700 | 1 | |a Tutor: |b Gómez Ortega, Graciela Dionides | |
| 942 | |c BK |2 ddc | ||
| 991 | |a TESIS | ||
| 999 | |c 21951 | ||